000
00252nam a2200109Ia 4500
008
190914s9999||||xx |||||||||||||| ||und||
100
_a
Kuratko, Hodgetts
245
0
_a
Entrepreneurship
260
_a
London
_b
Addison
_c
1999
300
_a
787
942
_c
BK
999
_c
8486
_d
8486